00724cam a2200217 a 450000100100000000500170001000800410002704000220006808200190009010000350010924500470014426000370019130000200022844000180024865000300026665000320029691000340032891000070036295201220036999900150049100000276820200929150244.0840224s1975 ve 001 p spa  aDO-SdBNPcMHdDLC aV861.44bS211r1 aSánchez Peláez, Juan9872310aRasgos comunes /cJuan Sánchez Peláez. aCaracas :bMonte Ávila,c1975. a72 p. ;c20 cm. 0aAltazor98724 4aPoesía venezolana94230 4aLiteratura venezolana93816 aCatalogación por copia / LC aWM 001052708MOaGRbGRcHDd2009-07-03iLF1l0oV861.44 S211rp2768-10r2020-06-25w2020-06-25y2ZPréstamo interno c2602d2602